000
00272nam a2200109Ia 4500
008
201231s9999 xx 000 0 und d
100
_a
Deo, Narsingh
245
0
_a
System Simulation With Digital Computer
260
_a
New Delhi
_b
Prentice Hall
300
_a
200
942
_c
BK
999
_c
9665
_d
9665